000 00834nam a2200205Ii 4500
003 JO-AjNU
008 230605s9999||||xx |||||||||||||| ||und||
040 _aJO-AjNU
_bara
_erda
_cJO-AjNU
041 _aara
050 1 4 _aHV40.G4288 1980
100 3 _aتـأليف: غباري، محمد سلامة /م.مشارك: محروس محمود خليفة ، محمد بهجت كشك,
_eauthor
_917503
245 0 0 _aمدخل في الرعاية الاجتماعية
264 3 1 _aالاسكندرية: د.ن ، 1980
300 _a180ص
_bيحتوي على ببلوغرافية من 177-180ص
336 _atext
_btxt
_2rdacontent
337 _aunmediated
_bn
_2rdamedia
338 _avolume
_bnc
_2rdacarrier
490 0 _aدراسات معاصرة في الخدمة الاجتماعية
650 4 _aالخدمة الاجتماعية
_917504
999 _aA5418
_c8986
_d8986